logo

Bir Sreshtho Munshi Abdur Rouf Library
Jhenaidah Cadet College

ওয়াং সাহেবের ব্যাঙ / (Record no. 420)

MARC details
000 -LEADER
fixed length control field 00715nam a2200229 a 4500
001 - CONTROL NUMBER
JCCL Control Number 420
003 - CONTROL NUMBER IDENTIFIER
JCCL marc code BD-JhCC
005 - DATE AND TIME OF LATEST TRANSACTION
control field 20171021115728.0
008 - FIXED-LENGTH DATA ELEMENTS--GENERAL INFORMATION
fixed length control field 171004s2008 bg a|||| ||a| 000 0 ben d
020 ## - INTERNATIONAL STANDARD BOOK NUMBER
International Standard Book Number 984868462X
035 ## - SYSTEM CONTROL NUMBER
system control number (BD-JhCC) 420
040 ## - CATALOGING SOURCE
Original cataloging agency BD-JhCC
Modifying agency BD-JhCC
041 ## - LANGUAGE CODE
Language code of Book ben
082 ## - DEWEY DECIMAL CLASSIFICATION NUMBER
Classification number 917.1
Author mark and Year SAG 2008
100 ## - MAIN ENTRY--PERSONAL NAME
Personal name সাগর, রেজা ফরিদুর
245 ## - TITLE STATEMENT
Title ওয়াং সাহেবের ব্যাঙ /
Statement of responsibility, etc ফরিদুর রেজা সাগর
260 ## - PUBLICATION, DISTRIBUTION, ETC. (IMPRINT)
Place of publication, distribution, etc ঢাকা :
Name of publisher, distributor, etc অন্য প্রকাশ প্রকাশনী,
Date of publication, distribution, etc ২০০৮.
300 ## - PHYSICAL DESCRIPTION
Pagination 64 p. :
Other physical details ill. ;
Dimensions 21 cm.
650 ## - SUBJECT ADDED ENTRY--TOPICAL TERM
Topical term or geographic name as entry element Travel
Chronological subdivision singapur
942 ## - ADDED ENTRY ELEMENTS (KOHA)
Source of classification or shelving scheme Dewey Decimal Classification
Koha item type Books
Holdings
Source of classification or shelving scheme Damaged status Not for loan Home library Current library Shelving location Date of accession Cost, normal purchase price Total Checkouts Full call number Barcode Date last seen Copy number Koha item type
Dewey Decimal Classification     JCC Rouf Library JCC Rouf Library General Stacks 10/04/2017 100.00   917.1 SAG 2008 1505 10/04/2017 C-1 Books
Dewey Decimal Classification     JCC Rouf Library JCC Rouf Library General Stacks 10/21/2017 100.00   917.1 SAG 2008 2320 10/21/2017 C-1 Books

JCC Library | Contacts | JCC Home

Last Update on 23 September 2017
Copyright @ 2017-2020 JCC Rouf Library
Rouf Library, Jhenidah Cadet College (JCC), Bangladesh